000 00427nam a2200109Ia 4500
008 171204s9999 xx 000 0 und d
245 _aDevelopment Of Pragmatic And Discourse Skills In Chinese-speaking Children: Benjamins Current Topics
245 _cLixian Jin and Zhu Hua
260 _c2014
650 _xPRF Ed 1: Child & Adolescent Development
856 _uhttp://down.ebook777.com/016/DevOfPraAndDisSkiInChiChiByZhuHua.pdf
999 _c345845
_d345845